Projekt Výskum a tvorba indikátorov rodovej rovnosti ponuky a dopytu na trhu práce v regióne Pezinok - Modra

Bibliographic Details
Main Author: Švrček, Ladislav (Author)
Format: Article
Language:Slovak
ISBN:9788089367016
Subjects:

MARC

LEADER 00000caa a2200000uu 4500
001 vtls011077910
005 20260504092929.0
008 210905|2008 xo |||||||||||||||||slo|
015 |a SNBRA2010/05 
035 |a (urnnbn)urn:nbn:sk:snk:ar-a0cg14 
035 |a (uuid)1544e443-0788-4cf3-b554-e34dcae1ac5d 
035 |a urn:nbn:sk:snk-aavm4b 
040 |a SNKBUCL  |b slo  |c SNKBUCL  |e AACR2 
041 0 |a slo 
044 |a xo  |c SK 
080 |a 331.5:316.423.6-055.1/.2:352  |x (437.6)  |2 2001 
080 |a 316.423.6-055.1/.2  |x (437.6)  |2 2001 
080 |a 352  |x (437.6)  |2 2001 
100 1 |a Švrček, Ladislav  |4 aut  |9 771426 
245 1 0 |a Projekt Výskum a tvorba indikátorov rodovej rovnosti ponuky a dopytu na trhu práce v regióne Pezinok - Modra  |c Ladislav Švrček 
610 1 7 |a Iniciatíva Spoločenstva EQUAL  |2 SNKKA  |9 771408 
610 1 7 |a Výskum a tvorba indikátorov rodovej rovnosti ponuky a dopytu na trhu práce v regióne Pezinok - Modra (projekt)  |2 SNKKA  |9 771409 
610 1 7 |a Pezinok (Slovensko).  |b Úrad práce, sociálnych vecí a rodiny  |2 SNKKA  |9 771427 
650 0 7 |a trh práce  |2 snkbucl  |9 2371 
650 0 7 |a rodová rovnosť  |2 snkbucl  |9 83324 
650 0 7 |a projekty  |2 snkbucl  |9 18866 
651 7 |a Pezinok (Slovensko)  |2 snkbucl  |9 15835 
655 7 |a články zo zborníkov  |2 snkbucl  |9 166140 
773 0 |t Rodová rovnosť v kohéznej a trvaloudržateľnej vedomostnej spoločnosti - Dobrá prax a výskum vrátane armády a vojenských akadémií [konaného dňa 26. mája 2008 v Bratislave]  |d Bratislava : Centrum pre výskum regiónov, 2008  |g S. 67-68  |z 9788089367016 
852 |a SNK 
954 |a odborná, vedecká literatúra pôvodná (slovenská)  |2 lita 
958 |a OND 
999 |c 1234968  |d 1236898